Driving digital strategy : (Record no. 591955)

000 -LEADER
fixed length control field 02915cam a2200373 i 4500
001 - CONTROL NUMBER
control field 20527288
003 - CONTROL NUMBER IDENTIFIER
control field NUST
005 - DATE AND TIME OF LATEST TRANSACTION
control field 20221019144721.0
008 - FIXED-LENGTH DATA ELEMENTS--GENERAL INFORMATION
fixed length control field 180601s2018 mau 000 0 eng c
010 ## - LIBRARY OF CONGRESS CONTROL NUMBER
LC control number 2018026327
020 ## - INTERNATIONAL STANDARD BOOK NUMBER
International Standard Book Number 9781633692688
Qualifying information (hardcover : alk. paper)
038 ## - RECORD CONTENT LICENSOR
Staff Name Azhar
040 ## - CATALOGING SOURCE
Original cataloging agency MH/DLC
Language of cataloging eng
Transcribing agency MH
Description conventions rda
Modifying agency DLC
042 ## - AUTHENTICATION CODE
Authentication code pcc
050 00 - LIBRARY OF CONGRESS CALL NUMBER
Classification number HD30.28
Item number .G84 2018
082 00 - DEWEY DECIMAL CLASSIFICATION NUMBER
Classification number 658.4012
Edition number 23
Author Mark GUP
100 1# - MAIN ENTRY--PERSONAL NAME
Personal name Gupta, Sunil,
Dates associated with a name 1958-
Relator term author.
9 (RLIN) 100834
245 10 - TITLE STATEMENT
Title Driving digital strategy :
Remainder of title a guide to reimagining your business
Statement of responsibility, etc. Sunil Gupta.
260 ## - PUBLICATION, DISTRIBUTION, ETC.
Place of publication, distribution, etc. Boston, Massachusetts :
Name of publisher, distributor, etc. Harvard Business Review Press,
Date of publication, distribution, etc. 2018
300 ## - PHYSICAL DESCRIPTION
Extent viii, 267 pages ;
Dimensions 25 cm
336 ## - CONTENT TYPE
Content type term text
Source rdacontent
337 ## - MEDIA TYPE
Media type term unmediated
Source rdamedia
338 ## - CARRIER TYPE
Carrier type term volume
Source rdacarrier
504 ## - BIBLIOGRAPHY, ETC. NOTE
Bibliography, etc. note Includes bibliographical references and index.
505 0# - FORMATTED CONTENTS NOTE
Formatted contents note Introduction: Framework for reinventing your business -- Part One. Re-imagine your business: Business scope -- Business model -- Platforms and ecosystems -- Part Two. Re-evaluate your value chain: Rethinking R&D and innovation -- Operational excellence -- Omnichannel strategy -- Part Three. Re-connect with customers: Acquiring customers -- Engaging consumers -- Measuring and optimizing marketing spend -- Part Four. Re-build your organization: Managing digital transition -- Designing an organization for innovation -- Skills, capability, and talent management.
520 ## - SUMMARY, ETC.
Summary, etc. Digital transformation is no longer news. It is a necessity. Sunil Gupta, head of the digital transformation practice at Harvard Business School, provides a framework for large organizations to think through where and how to begin their transformation. Traditional boundaries of industries no longer define competition; businesses have to deal with partners who are both friends and enemies; competitive advantage does not come from low-cost or product differentiation strategies; how companies create and capture value is dramatically changing. This book shows how to rethink the four fundamental pillars of business to reinvent business for this new world. Business leaders, Gupta argues, need to reexamine four fundamental aspects of their business to thrive in the digital era--their business strategy, their value chain, their customers, and their organization. The book addresses questions that arise as companies navigate through this transition and provides a road map for this transformation. Filled with rich case studies and deep analysis, it shows how established firms can mitigate the threat as well as leverage the opportunities in the digital era.--
Assigning source Provided by publisher
563 ## - BINDING INFORMATION
Binding note HB
650 #0 - SUBJECT ADDED ENTRY--TOPICAL TERM
Topical term or geographic name entry element Business planning.
650 #0 - SUBJECT ADDED ENTRY--TOPICAL TERM
Topical term or geographic name entry element Strategic planning.
650 #0 - SUBJECT ADDED ENTRY--TOPICAL TERM
Topical term or geographic name entry element Technological innovations.
906 ## - LOCAL DATA ELEMENT F, LDF (RLIN)
a 7
b cbc
c orignew
d 1
e ecip
f 20
g y-gencatlg
942 ## - ADDED ENTRY ELEMENTS (KOHA)
Source of classification or shelving scheme
Koha item type Lincoln Corner
Holdings
Withdrawn status Lost status Source of classification or shelving scheme Damaged status Not for loan Permanent Location Current Location Shelving location Date acquired Full call number Barcode Date last seen Price effective from Koha item type
          Central Library (CL) Central Library (CL) Lincoln Corner 10/19/2022 658.4012 GUP LC-425 10/19/2022 10/19/2022 Reference
© 2023 Central Library, National University of Sciences and Technology. All Rights Reserved.